[Event "74. C.to Provinciale PD-ROV"]
[Site "Monselice ITA"]
[Date "2014.01.26"]
[Round "4.3"]
[White "Rigo, Gianfrancesco"]
[Black "Tissino, Tiziano"]
[Result "1-0"]
[WhiteElo "2013"]
[BlackElo "1802"]
[Annotator "Gabriele Ballarin"]
[PlyCount "93"]
[EventDate "2014.01.24"]
[EventType "swiss"]
[EventRounds "5"]
[EventCountry "ITA"]

1. e4 c5 2. Nc3 Nc6 3. f4 e6 4. Nf3 a6 5. a4 d6 6. Bc4 Nf6 7. d3 Be7 8. O-O O-O 9. Ba2 b6 10. Bd2 Bb7 11. Ne2 b5 12. axb5 axb5 13. Ng3 c4 14. dxc4 Qb6+ 15. Kh1 Ng4 16. Qe2 bxc4 17. h3 c3 18. bxc3 Nf6 19. Rab1 Ba6 20. Rxb6 Bxe2 21. Nxe2 Rxa2 22. Rxc6 Nxe4 23. Rc1 d5 24. Ned4 Rb8 25. Be1 h6 26. f5 Ba3 27. Rd1 exf5 28. Ra6 g6 29. Nc6 Rbb2 30. Nfd4 Kg7 31. Nb4 Bxb4 32. Rxa2 Rxa2 33. cxb4 Kf6 34. b5 Rb2 35. Kg1 f4 36. Ba5 Nd6 37. Bc3 Ra2 38. b6 Nb7 39. Nc6+ Ke6 40. Nb4 Ra5 41. Re1+ Kd7 42. Bf6 Rc5 43. Re7+ Kc8 44. Be5 Nd8 45. Bd4 Rc4 46. c3 Nc6 47. Rc7+ 1-0

[Event "74. C.to Provinciale PD-ROV"]
[Site "Monselice ITA"]
[Date "2014.01.26"]
[Round "4.4"]
[White "Franco, Alessandro P"]
[Black "Belloni, Umberto"]
[Result "1-0"]
[WhiteElo "1889"]
[BlackElo "1798"]
[Annotator "Gabriele Ballarin"]
[PlyCount "103"]
[EventDate "2014.01.24"]
[EventType "swiss"]
[EventRounds "5"]
[EventCountry "ITA"]

1. d4 d5 2. c4 c6 3. Nc3 dxc4 4. e4 b5 5. Nf3 e6 6. Be2 Bb7 7. O-O Nf6 8. e5 Nd5 9. a4 a6 10. Ng5 Be7 11. Nge4 Qc7 12. Bg5 Bxg5 13. Nxg5 Nxc3 14. bxc3 c5 15. Bf3 cxd4 16. cxd4 Nd7 17. axb5 Nb6 18. bxa6 Rxa6 19. Rxa6 Bxa6 20. Be4 g6 21. Qf3 Qe7 22. Bc6+ Kf8 23. Ne4 Kg7 24. Ra1 Bc8 25. Nd6 Rd8 26. Nb5 Qg5 27. Nd6 Qe7 28. h4 Rxd6 29. exd6 Qxd6 30. Ra7 Nd7 31. d5 Ne5 32. Qa3 Qxa3 33. Rxa3 Nxc6 34. dxc6 Kf6 35. Rc3 Ba6 36. c7 Ke7 37. Rxc4 Kd7 38. Rc3 Bb7 39. Kf1 Ba6+ 40. Ke1 e5 41. Kd2 f5 42. Rc5 Bc8 43. Rxe5 Kd6 44. Re8 Kxc7 45. Re7+ Kd6 46. Rxh7 Ke5 47. h5 gxh5 48. Rxh5 Bb7 49. g4 Kf4 50. gxf5 Kg4 51. f6 Bc8 52. f7 1-0

[Event "74. C.to Provinciale PD-ROV"]
[Site "Monselice ITA"]
[Date "2014.01.26"]
[Round "4.5"]
[White "Luisetto, Alessandro"]
[Black "Martello, Andrea"]
[Result "1-0"]
[WhiteElo "1814"]
[BlackElo "1471"]
[Annotator "Gabriele Ballarin"]
[PlyCount "79"]
[EventDate "2014.01.24"]
[EventType "swiss"]
[EventRounds "5"]
[EventCountry "ITA"]

1. Nf3 Nf6 2. c4 e6 3. Nc3 Bb4 4. g3 c5 5. Bg2 O-O 6. O-O Nc6 7. d3 h6 8. Bf4 d5 9. cxd5 exd5 10. Ne5 Re8 11. Nxc6 bxc6 12. Qc2 Bf5 13. e4 dxe4 14. dxe4 Bh7 15. Rad1 Qe7 16. f3 Rad8 17. a3 Ba5 18. Qc1 Bb6 19. Na4 g5 20. Be3 Nd7 21. Rf2 f5 22. Nxb6 axb6 23. Rfd2 Kf8 24. f4 Nf6 25. e5 Nd5 26. Bxd5 cxd5 27. Rxd5 Rxd5 28. Rxd5 Rc8 29. Qd2 Ke8 30. Rd6 Rd8 31. Rxd8+ Qxd8 32. Qxd8+ Kxd8 33. fxg5 hxg5 34. Bxg5+ Kd7 35. Kf2 Ke6 36. Bf6 b5 37. Ke3 c4 38. Kf4 Bg6 39. Kg5 Kf7 40. e6+ 1-0

[Event "74. C.to Provinciale PD-ROV"]
[Site "Monselice ITA"]
[Date "2014.01.26"]
[Round "4.6"]
[White "Calicchia, Giovanni"]
[Black "De Marchi, Alessandro"]
[Result "1-0"]
[WhiteElo "1851"]
[BlackElo "1716"]
[Annotator "Gabriele Ballarin"]
[PlyCount "43"]
[EventDate "2014.01.24"]
[EventType "swiss"]
[EventRounds "5"]
[EventCountry "ITA"]

1. e4 d6 2. d4 Nf6 3. Nc3 g6 4. h3 Bg7 5. Be3 O-O 6. Qd2 Re8 7. Nf3 c6 8. a4 Qc7 9. Bc4 e5 10. dxe5 dxe5 11. Rd1 Nbd7 12. O-O Nb6 13. Bb3 Bf8 14. Ng5 Be6 15. Nxe6 fxe6 16. Bg5 Nfd5 17. exd5 exd5 18. Nxd5 Nxd5 19. Bxd5+ cxd5 20. Qxd5+ Kh8 21. Qd7 Qxd7 22. Rxd7 1-0

[Event "74. C.to Provinciale PD-ROV"]
[Site "Monselice ITA"]
[Date "2014.01.26"]
[Round "4.7"]
[White "Aliberti, Nicola"]
[Black "Rosina, Graziano"]
[Result "1/2-1/2"]
[WhiteElo "1696"]
[BlackElo "1820"]
[Annotator "Gabriele Ballarin"]
[PlyCount "56"]
[EventDate "2014.01.24"]
[EventType "swiss"]
[EventRounds "5"]
[EventCountry "ITA"]

1. Nf3 Nf6 2. d3 Nc6 3. c3 e5 4. Qc2 Be7 5. e4 O-O 6. Be2 d5 7. O-O Bg4 8. h3 Bh5 9. b4 a6 10. a3 Bg6 11. Nbd2 dxe4 12. Nxe4 Qd7 13. Be3 b6 14. a4 Bd6 15. Nfd2 Nd5 16. Nc4 Nxe3 17. fxe3 Ne7 18. Nexd6 b5 19. axb5 axb5 20. Rxa8 Rxa8 21. Nxf7 bxc4 22. Nxe5 cxd3 23. Bxd3 Bxd3 24. Nxd3 Qe6 25. Qf2 Nd5 26. Nc5 Qxe3 27. Qxe3 Nxe3 28. Re1 Nd5 1/2-1/2

[Event "74. C.to Provinciale PD-ROV"]
[Site "Monselice ITA"]
[Date "2014.01.26"]
[Round "4.8"]
[White "Mocellin, Gianfranco"]
[Black "Pilotto, Alessandro"]
[Result "1-0"]
[WhiteElo "1778"]
[BlackElo "1610"]
[Annotator "Gabriele Ballarin"]
[PlyCount "75"]
[EventDate "2014.01.24"]
[EventType "swiss"]
[EventRounds "5"]
[EventCountry "ITA"]

1. e4 e6 2. Nc3 g6 3. d4 Bg7 4. Be3 d6 5. Qd2 b6 6. g3 Bb7 7. Bg2 Nc6 8. Nge2 Nge7 9. a3 a6 10. Bh6 Bxh6 11. Qxh6 Ng8 12. Qg7 Qf6 13. Qxf6 Nxf6 14. O-O Rb8 15. Rad1 O-O 16. Rd3 Na5 17. b3 Nc6 18. f4 Ne7 19. Rfd1 Rfc8 20. e5 Nfd5 21. Ne4 dxe5 22. dxe5 c6 23. c4 Nc7 24. Nf6+ Kg7 25. Nd7 Nf5 26. Nxb8 Rxb8 27. g4 Nh6 28. h3 Ng8 29. Rd7 Rc8 30. Nc3 b5 31. Ne4 bxc4 32. bxc4 a5 33. Nd6 Rb8 34. Rxf7+ Kh8 35. Rxc7 Ba6 36. Ra7 Bc8 37. Nxc8 Rxc8 38. Rdd7 1-0

[Event "74. C.to Provinciale PD-ROV"]
[Site "Monselice ITA"]
[Date "2014.01.26"]
[Round "4.9"]
[White "Brugnaro, Andrea"]
[Black "Solinas, Roberto"]
[Result "1/2-1/2"]
[WhiteElo "1377"]
[BlackElo "1725"]
[Annotator "Gabriele Ballarin"]
[PlyCount "95"]
[EventDate "2014.01.24"]
[EventType "swiss"]
[EventRounds "5"]
[EventCountry "ITA"]

1. e4 c6 2. g3 d5 3. Bg2 dxe4 4. Bxe4 Nf6 5. Bg2 Bg4 6. Ne2 e5 7. Nbc3 Bc5 8. O-O O-O 9. Qe1 Re8 10. d3 Nd5 11. Ne4 Bb6 12. Bd2 Na6 13. a3 Nc5 14. N2c3 f6 15. b4 Nxe4 16. Bxe4 Bh3 17. Bg2 Bxg2 18. Kxg2 Nxc3 19. Bxc3 Qd5+ 20. Qe4 Rad8 21. Qxd5+ Rxd5 22. Rfe1 Bd4 23. Bxd4 Rxd4 24. Re4 Rxe4 25. dxe4 Rd8 26. Kf3 Rd2 27. c4 Kf7 28. Ke3 Rd7 29. f4 Ke6 30. c5 g6 31. fxe5 Kxe5 32. Rf1 Rd4 33. Rf4 Rc4 34. Kd3 Rd4+ 35. Ke3 f5 36. exf5 Rxf4 37. gxf4+ Kxf5 38. h3 g5 39. fxg5 Kxg5 40. Kf3 Kh4 41. Kg2 h6 42. a4 a6 43. Kh2 h5 44. Kg2 Kg5 45. Kf3 Kh4 46. Kg2 Kg5 47. Kf3 Kh4 48. Kg2 1/2-1/2

[Event "74. C.to Provinciale PD-ROV"]
[Site "Monselice ITA"]
[Date "2014.01.26"]
[Round "4.10"]
[White "Simonetto, Andrea"]
[Black "Scandiuzzi, Roberto"]
[Result "1-0"]
[WhiteElo "1735"]
[BlackElo "1438"]
[Annotator "Gabriele Ballarin"]
[PlyCount "99"]
[EventDate "2014.01.24"]
[EventType "swiss"]
[EventRounds "5"]
[EventCountry "ITA"]

1. d4 f5 2. c4 e6 3. Nc3 Nf6 4. g3 Be7 5. Bg2 c6 6. d5 d6 7. f4 O-O 8. Nh3 Ng4 9. O-O Qb6+ 10. Nf2 Ne3 11. Bxe3 Qxe3 12. Qd3 Qxd3 13. Nxd3 c5 14. dxe6 Nc6 15. Bd5 Nd8 16. Nb5 Bxe6 17. Nc7 Bxd5 18. Nxd5 Nc6 19. e3 Bf6 20. Rac1 Rae8 21. Rfd1 Ne7 22. Nc7 Rc8 23. Nb5 Rfd8 24. Nf2 Bxb2 25. Rb1 Bf6 26. Nxd6 Rb8 27. Rxb7 Rxb7 28. Nxb7 Rxd1+ 29. Nxd1 Nc8 30. Nxc5 Be7 31. Nd3 Nb6 32. c5 Nc4 33. c6 Bd6 34. Kf2 Na5 35. Nc3 Nxc6 36. Nb5 Bb8 37. Nd4 Nxd4 38. exd4 a5 39. Ne5 Bc7 40. Ke3 Bd8 41. Kd3 Kf8 42. Kc4 Bb6 43. a4 g6 44. h3 Ke7 45. Kd5 Bc7 46. Kc6 Bd6 47. Nd3 Bb4 48. d5 Bd6 49. Nc5 h5 50. Nb7 1-0

[Event "74. C.to Provinciale PD-ROV"]
[Site "Monselice ITA"]
[Date "2014.01.26"]
[Round "4.11"]
[White "Daccico, Gianni"]
[Black "Chianale, Angelo"]
[Result "1/2-1/2"]
[WhiteElo "1581"]
[BlackElo "1702"]
[Annotator "Gabriele Ballarin"]
[PlyCount "47"]
[EventDate "2014.01.24"]
[EventType "swiss"]
[EventRounds "5"]
[EventCountry "ITA"]

1. e4 d5 2. exd5 Qxd5 3. Nc3 Qd6 4. Nf3 a6 5. Be2 Nf6 6. d3 Bf5 7. Bg5 h6 8. Bxf6 Qxf6 9. O-O e6 10. a3 Bd6 11. Re1 Nd7 12. d4 O-O-O 13. b4 g5 14. b5 a5 15. g3 h5 16. Qd2 h4 17. Qxg5 hxg3 18. fxg3 Rdg8 19. Qxf6 Nxf6 20. Ne5 {=} Rh7 21. Rf1 Ne4 22. Nxe4 Bxe4 23. Bd3 Bxd3 24. cxd3 1/2-1/2

[Event "74. C.to Provinciale PD-ROV"]
[Site "Monselice ITA"]
[Date "2014.01.26"]
[Round "4.12"]
[White "Lovisetto, Giampaolo"]
[Black "Simonetto, Alessio"]
[Result "0-1"]
[WhiteElo "1579"]
[BlackElo "1700"]
[Annotator "Gabriele Ballarin"]
[PlyCount "78"]
[EventDate "2014.01.24"]
[EventType "swiss"]
[EventRounds "5"]
[EventCountry "ITA"]

1. d4 d5 2. c4 e6 3. e3 Nf6 4. Nf3 Be7 5. Be2 O-O 6. O-O Nbd7 7. a3 b6 8. b4 dxc4 9. Bxc4 Bb7 10. Nbd2 Bd6 11. Bd3 e5 12. dxe5 Nxe5 13. Be2 a5 14. bxa5 Rxa5 15. Bb2 Nxf3+ 16. Bxf3 Bxf3 17. Nxf3 Qe7 18. Qb3 Rfa8 19. a4 Nd7 20. Qc3 Ne5 21. Nd4 Rc5 22. Qb3 Ng4 23. g3 Rh5 24. Nf3 Qe4 25. Qd1 Raa5 26. h4 Raf5 27. Ng5 Rfxg5 28. Bd4 Ne5 29. Bxe5 Rxe5 30. Qe2 Qg6 31. Kh1 Re4 32. Kg2 Rexh4 33. Rg1 Rh2+ 34. Kf1 Rh1 35. Qa6 Qe4 36. Ke2 Qc2+ 37. Kf3 Rf5+ 38. Kg4 Qe4+ 39. f4 h5# 0-1

[Event "74. C.to Provinciale PD-ROV"]
[Site "Monselice ITA"]
[Date "2014.01.26"]
[Round "4.13"]
[White "Minei, Giovanni"]
[Black "Fornasiero, Mattia"]
[Result "1/2-1/2"]
[WhiteElo "1530"]
[BlackElo "1672"]
[Annotator "Gabriele Ballarin"]
[PlyCount "39"]
[EventDate "2014.01.24"]
[EventType "swiss"]
[EventRounds "5"]
[EventCountry "ITA"]

1. d4 d5 2. Nf3 Nf6 3. e3 e6 4. Bd3 c5 5. c3 a6 6. Nbd2 Nbd7 7. O-O Bd6 8. e4 cxd4 9. exd5 Nxd5 10. Nxd4 N5f6 11. Nc4 Be7 12. Bf4 O-O 13. b4 Nd5 14. Qd2 Nxf4 15. Qxf4 Bg5 16. Qd6 Nf6 17. f4 Qxd6 18. Nxd6 Bh6 19. Rad1 Rd8 {=} 20. Ne4 1/2-1/2

[Event "74. C.to Provinciale PD-ROV"]
[Site "Monselice ITA"]
[Date "2014.01.26"]
[Round "4.14"]
[White "Brugnaro, Luca"]
[Black "Rigo, Filippo"]
[Result "0-1"]
[WhiteElo "1371"]
[BlackElo "1598"]
[Annotator "Gabriele Ballarin"]
[PlyCount "64"]
[EventDate "2014.01.24"]
[EventType "swiss"]
[EventRounds "5"]
[EventCountry "ITA"]

1. c4 g6 2. g3 Bg7 3. Bg2 d6 4. Nc3 Nc6 5. d3 Nf6 6. e4 O-O 7. Nge2 Bg4 8. f3 Bd7 9. O-O Qc8 10. Nf4 e5 11. Nfd5 Nxd5 12. Nxd5 Qd8 13. Rb1 Nd4 14. f4 c6 15. Nc3 f6 16. Ne2 Bg4 17. Nxd4 Bxd1 18. Ne6 Qe7 19. Nxf8 Rxf8 20. Rxd1 f5 21. b4 Bh6 22. h4 exf4 23. gxf4 Qxh4 24. Rf1 fxe4 25. dxe4 Bxf4 26. Bxf4 Rxf4 27. Rxf4 Qxf4 28. Rf1 Qe3+ 29. Kh1 Qc3 30. Rd1 Qxb4 31. Bf1 Qc5 32. Be2 Qf2 0-1

[Event "74. C.to Provinciale PD-ROV"]
[Site "Monselice ITA"]
[Date "2014.01.26"]
[Round "4.16"]
[White "Lodi, Paolo"]
[Black "Baù_226, Lorenzo"]
[Result "0-1"]
[WhiteElo "1600"]
[BlackElo "1411"]
[Annotator "Gabriele Ballarin"]
[PlyCount "70"]
[EventDate "2014.01.24"]
[EventType "swiss"]
[EventRounds "5"]
[EventCountry "ITA"]

1. Nf3 c5 2. c4 Nf6 3. b3 d6 4. Bb2 Na6 5. g3 Bd7 6. Bg2 e6 7. O-O Nc7 8. d4 cxd4 9. Nxd4 Rb8 10. Qc2 Be7 11. Nd2 O-O 12. h3 e5 13. Nf5 Bxf5 14. Qxf5 g6 15. Qc2 Re8 16. Rad1 Qc8 17. Kh2 Bf8 18. f4 Bg7 19. fxe5 dxe5 20. Rf2 Ncd5 21. Nf1 Nb4 22. Qb1 Qc5 23. Rf3 e4 24. Rxf6 e3 25. Rf3 Bxb2 26. Qxb2 Nc6 27. Qf6 Ne5 28. Rf4 Re6 29. Qh4 g5 30. Qxg5+ Rg6 31. Qh4 Kg7 32. Rd5 Qc7 33. Qh5 Re8 34. Rh4 h6 35. Qf5 f6 0-1

[Event "74. C.to Provinciale PD-ROV"]
[Site "Monselice ITA"]
[Date "2014.01.26"]
[Round "5.1"]
[White "Zanirato, Stefano"]
[Black "Lodici, Lorenzo"]
[Result "0-1"]
[WhiteElo "1876"]
[BlackElo "2097"]
[Annotator "Gabriele Ballarin"]
[PlyCount "88"]
[EventDate "2014.01.24"]
[EventType "swiss"]
[EventRounds "5"]
[EventCountry "ITA"]

1. Nf3 f5 2. d3 Nc6 3. c3 Nf6 4. Qa4 e5 5. e4 Be7 6. Be2 O-O 7. O-O Kh8 8. Nbd2 d5 9. exd5 Nxd5 10. Nc4 Bf6 11. Rd1 Qe7 12. Qb5 Rd8 13. Ne3 Nb6 14. Qb3 Be6 15. Qc2 a5 16. Nf1 Kg8 17. Ng3 g6 18. Bh6 a4 19. Qc1 a3 20. b3 Nd5 21. Ng5 Bc8 22. d4 exd4 23. Bc4 Na5 24. Re1 Qc5 25. cxd4 Bxd4 26. Bxd5+ Qxd5 27. Qxc7 Bd7 28. Rad1 Nxb3 29. Nf3 Re8 30. Be3 Bc6 31. Ne2 Rxe3 32. fxe3 Bxe3+ 33. Kf1 Nd2+ 34. Rxd2 Bxd2 35. Rd1 Ba5 36. Rxd5 Bxc7 37. Rc5 Bb6 38. Rc3 Bd5 39. Nc1 Ra4 40. Nb3 Rc4 41. Rd3 Bxf3 42. gxf3 Rc2 43. Rd6 Bc7 44. Rd7 Bxh2 0-1

[Event "74. C.to Provinciale PD-ROV"]
[Site "Monselice ITA"]
[Date "2014.01.26"]
[Round "5.2"]
[White "Franco, Alessandro P"]
[Black "Rigo, Gianfrancesco"]
[Result "1-0"]
[WhiteElo "1889"]
[BlackElo "2013"]
[Annotator "Gabriele Ballarin"]
[PlyCount "33"]
[EventDate "2014.01.24"]
[EventType "swiss"]
[EventRounds "5"]
[EventCountry "ITA"]

1. e4 c5 2. Nf3 g6 3. d4 cxd4 4. Nxd4 Nc6 5. Nc3 Nf6 6. Nxc6 bxc6 7. e5 Ng8 8. Bc4 Bg7 9. Bf4 f6 10. Qf3 fxe5 11. Bxe5 Nf6 12. O-O-O Qa5 13. Rhe1 Rf8 14. Bd6 Nd5 15. Bxd5 Rxf3 16. Rxe7+ Kf8 17. Re5# 1-0

[Event "74. C.to Provinciale PD-ROV"]
[Site "Monselice ITA"]
[Date "2014.01.26"]
[Round "5.3"]
[White "Bergamasco, Tommaso"]
[Black "Luisetto, Alessandro"]
[Result "1-0"]
[WhiteElo "1744"]
[BlackElo "1814"]
[Annotator "Gabriele Ballarin"]
[PlyCount "83"]
[EventDate "2014.01.24"]
[EventType "swiss"]
[EventRounds "5"]
[EventCountry "ITA"]

1. e4 c6 2. d4 d5 3. e5 Bf5 4. Nf3 h6 5. Be2 e6 6. O-O Nd7 7. b3 Qc7 8. c4 Ne7 9. Nc3 a6 10. a4 dxc4 11. bxc4 g5 12. Ba3 Ng6 13. Bxf8 Kxf8 14. Bd3 Bxd3 15. Qxd3 Nf4 16. Qe3 Nb6 17. Nd2 Rd8 18. a5 Nc8 19. g3 Rg8 20. Nde4 Ne7 21. Nd6 Nf5 22. Nxf5 exf5 23. Rfd1 Ng6 24. Qf3 Qd7 25. Na4 f4 26. Nc5 Qh3 27. Qg2 Qc8 28. Kh1 g4 29. Qe4 Re8 30. Qc2 Nh4 31. gxh4 f3 32. Qh7 g3 33. Qxh6+ Rg7 34. fxg3 Qh3 35. Rd2 Kg8 36. Qf4 f6 37. e6 Rh7 38. Qxf3 Ree7 39. Qxf6 Rhg7 40. Rf2 Qg4 41. Qf8+ Kh7 42. Qf5+ 1-0

[Event "74. C.to Provinciale PD-ROV"]
[Site "Monselice ITA"]
[Date "2014.01.26"]
[Round "5.4"]
[White "Viaggi, Stefano"]
[Black "Mocellin, Gianfranco"]
[Result "1-0"]
[WhiteElo "2058"]
[BlackElo "1778"]
[Annotator "Gabriele Ballarin"]
[PlyCount "77"]
[EventDate "2014.01.24"]
[EventType "swiss"]
[EventRounds "5"]
[EventCountry "ITA"]

1. b3 d5 2. Bb2 Bf5 3. Nf3 e6 4. d3 Bg6 5. g3 c6 6. Bg2 Nf6 7. O-O Be7 8. Nbd2 O-O 9. c4 dxc4 10. bxc4 Nbd7 11. Bc3 Qc7 12. Rb1 Rab8 13. a4 a6 14. a5 Bc5 15. Qa4 Ne8 16. Qa1 Be7 17. Nd4 Bf6 18. Ne4 Bxe4 19. Bxe4 Nd6 20. Bg2 Rfd8 21. e3 Nf5 22. Nxf5 Bxc3 23. Nh6+ gxh6 24. Qxc3 Qe5 25. d4 Qf6 26. Rb3 Rdc8 27. Rfb1 Rc7 28. c5 Qd8 29. Bf1 f6 30. Bc4 Kf7 31. Qd3 Kg7 32. Bxe6 Nf8 33. Bc4 Nd7 34. Qf5 Qe7 35. Qg4+ Kh8 36. Rxb7 Rcxb7 37. Rxb7 Rd8 38. Be6 h5 39. Qf5 1-0

[Event "74. C.to Provinciale PD-ROV"]
[Site "Monselice ITA"]
[Date "2014.01.26"]
[Round "5.5"]
[White "Calicchia, Giovanni"]
[Black "Fracasso Pezzolato, Michele"]
[Result "1-0"]
[WhiteElo "1851"]
[BlackElo "1813"]
[Annotator "Gabriele Ballarin"]
[PlyCount "149"]
[EventDate "2014.01.24"]
[EventType "swiss"]
[EventRounds "5"]
[EventCountry "ITA"]

1. e4 c5 2. Nf3 d6 3. c3 Nf6 4. Be2 Nc6 5. d3 e6 6. O-O Be7 7. Re1 O-O 8. Nbd2 Qc7 9. Bf1 b6 10. b3 Nd7 11. Bb2 d5 12. Rc1 Bb7 13. d4 dxe4 14. Nxe4 Nf6 15. Nxf6+ Bxf6 16. dxc5 Ne5 17. Nxe5 Bxe5 18. Qh5 Bf4 19. Rcd1 bxc5 20. c4 g6 21. Qh4 e5 22. Qf6 Rfe8 23. Qd6 Qxd6 24. Rxd6 Re7 25. g3 Bh6 26. Rxe5 Rxe5 27. Bxe5 Re8 28. Bc3 Bf3 29. Rd7 Bg7 30. Bd2 Ra8 31. Bg2 Bxg2 32. Kxg2 a5 33. Be3 Rc8 34. Rd5 Bf8 35. Kf3 Rc6 36. Ke2 Be7 37. Kd3 Kf8 38. Rd7 g5 39. Ra7 Bd8 40. h3 h6 41. Bd2 Rd6+ 42. Ke2 Bb6 43. Ra8+ Ke7 44. Bxa5 h5 45. Bxb6 Rxb6 46. f4 gxf4 47. gxf4 Rg6 48. Kf2 h4 49. Rh8 Ra6 50. a4 Rb6 51. Rxh4 Rxb3 52. Rh5 Rb4 53. Rxc5 Rxa4 54. Kg3 Kd6 55. Rf5 Ke6 56. Re5+ Kd6 57. c5+ Kc6 58. h4 Kd7 59. Kg4 f6 60. Rd5+ Ke7 61. h5 Ra8 62. c6 Ke6 63. Rc5 Rg8+ 64. Kf3 Kd6 65. Rc2 Kc7 66. Ke4 Rh8 67. Kf5 Rxh5+ 68. Kxf6 Rh1 69. f5 Rg1 70. Kf7 Re1 71. f6 Rf1 72. Ke7 Re1+ 73. Kf8 Rf1 74. f7 Rg1 75. Re2 1-0

[Event "74. C.to Provinciale PD-ROV"]
[Site "Monselice ITA"]
[Date "2014.01.26"]
[Round "5.7"]
[White "Tissino, Tiziano"]
[Black "Aliberti, Nicola"]
[Result "1-0"]
[WhiteElo "1802"]
[BlackElo "1696"]
[Annotator "Gabriele Ballarin"]
[PlyCount "53"]
[EventDate "2014.01.24"]
[EventType "swiss"]
[EventRounds "5"]
[EventCountry "ITA"]

1. c4 c5 2. Nf3 Nf6 3. d4 e6 4. Nc3 cxd4 5. Nxd4 Nc6 6. g3 Bc5 7. Nxc6 bxc6 8. Bg2 Rb8 9. O-O O-O 10. Na4 Be7 11. Bf4 Ra8 12. a3 d5 13. b4 Nh5 14. Be3 e5 15. cxd5 Ba6 16. Re1 Bb5 17. Nc3 Bc4 18. dxc6 Qc7 19. Qc2 f5 20. Bd5+ Bxd5 21. Nxd5 Qd6 22. Nxe7+ Qxe7 23. Bc5 Qg5 24. Bxf8 Rxf8 25. c7 Rc8 26. Qc4+ Kh8 27. Qe6 1-0

[Event "74. C.to Provinciale PD-ROV"]
[Site "Monselice ITA"]
[Date "2014.01.26"]
[Round "5.8"]
[White "Belloni, Umberto"]
[Black "Brugnaro, Andrea"]
[Result "1-0"]
[WhiteElo "1798"]
[BlackElo "1377"]
[Annotator "Gabriele Ballarin"]
[PlyCount "107"]
[EventDate "2014.01.24"]
[EventType "swiss"]
[EventRounds "5"]
[EventCountry "ITA"]

1. d4 g6 2. Bg5 Bg7 3. c3 h6 4. Bh4 b6 5. Nd2 Bb7 6. e4 d5 7. e5 f6 8. f4 Qd7 9. Bg3 e6 10. Ngf3 f5 11. h4 Ne7 12. b4 a6 13. a4 a5 14. b5 c6 15. h5 Nc8 16. hxg6 Ne7 17. Nh4 Qc7 18. Qb3 c5 19. dxc5 Qxc5 20. Bf2 Qc7 21. Nhf3 Nxg6 22. g3 Kf7 23. Rc1 Nd7 24. Be2 Nc5 25. Bxc5 Qxc5 26. Nd4 Rac8 27. O-O h5 28. N2f3 Bf8 29. Ng5+ Ke8 30. Ngxe6 Qa3 31. Qxa3 Bxa3 32. Rc2 Ne7 33. Ng7+ Kf7 34. Ngxf5 Bc5 35. Nd6+ Bxd6 36. exd6 Ng6 37. Nf3 Kf6 38. Bd3 Rcd8 39. Bxg6 Kxg6 40. d7 Kf5 41. Ne5 Rhf8 42. c4 Rf6 43. c5 bxc5 44. Rxc5 Rd6 45. Nf7 R8xd7 46. Nxd6+ Rxd6 47. Rc7 Rb6 48. Re1 Kg4 49. Kf2 d4 50. Rd7 d3 51. Rxd3 h4 52. gxh4 Kxh4 53. Rde3 Rf6 54. Re7 1-0

[Event "74. C.to Provinciale PD-ROV"]
[Site "Monselice ITA"]
[Date "2014.01.26"]
[Round "5.9"]
[White "Rigo, Filippo"]
[Black "Simonetto, Andrea"]
[Result "1-0"]
[WhiteElo "1598"]
[BlackElo "1735"]
[Annotator "Gabriele Ballarin"]
[PlyCount "153"]
[EventDate "2014.01.24"]
[EventType "swiss"]
[EventRounds "5"]
[EventCountry "ITA"]

1. b3 d5 2. Bb2 Nf6 3. e3 c5 4. Bb5+ Nc6 5. f4 Bf5 6. Nf3 a6 7. Be2 e6 8. O-O b5 9. Ne5 Nxe5 10. fxe5 Nd7 11. Bg4 Bg6 12. d3 Qb6 13. Qf3 Be7 14. c4 Qb7 15. cxd5 Qxd5 16. Qxd5 exd5 17. d4 Bg5 18. Re1 Rc8 19. Nc3 cxd4 20. Nxd5 Bxe3+ 21. Nxe3 dxe3 22. Rad1 Rd8 23. Rxe3 Nb6 24. Rd6 Nd5 25. Re1 O-O 26. Rxa6 Nb4 27. Rb6 Nd3 28. Re2 Nf4 29. Rf2 Nd3 30. Rd2 Nxb2 31. Rxb2 h5 32. Be2 Rfe8 33. Rxb5 Rd4 34. Bf3 Rf4 35. Rd2 Rc8 36. a4 Rc1+ 37. Kf2 Rc3 38. Ke2 Bc2 39. Bd5 Bf5 40. h3 Rc1 41. a5 Rff1 42. Ke3 Rce1+ 43. Kd4 Rf4+ 44. Kc5 Rxe5 45. Rb8+ Kh7 46. Kd6 Re3 47. Bxf7 Bd3 48. Bg8+ Kg6 49. Rb6 Kg5 50. a6 Rf6+ 51. Kc5 Re5+ 52. Bd5 Rxd5+ 53. Kxd5 Rxb6 54. Rxd3 Rxa6 55. Rg3+ Kf6 56. b4 g5 57. b5 Ra1 58. Rb3 Rd1+ 59. Kc6 Rc1+ 60. Kb7 Ke7 61. Rd3 Rc2 62. g3 Rb2 63. b6 Ke6 64. Kc6 Rc2+ 65. Kb5 Rb2+ 66. Kc6 Rc2+ 67. Kb7 Rb2 68. Rd8 Rb3 69. Rc8 Kd7 70. Rc7+ Kd8 71. Rc5 g4 72. Rxh5 Rxg3 73. hxg4 Rxg4 74. Kc6 Rc4+ 75. Rc5 Rxc5+ 76. Kxc5 Kc8 77. Kc6 1-0

[Event "74. C.to Provinciale PD-ROV"]
[Site "Monselice ITA"]
[Date "2014.01.26"]
[Round "5.10"]
[White "Solinas, Roberto"]
[Black "Martello, Andrea"]
[Result "1-0"]
[WhiteElo "1725"]
[BlackElo "1471"]
[Annotator "Gabriele Ballarin"]
[PlyCount "52"]
[EventDate "2014.01.24"]
[EventType "swiss"]
[EventRounds "5"]
[EventCountry "ITA"]

1. e4 c5 2. c3 e6 3. Nf3 Nc6 4. d4 cxd4 5. cxd4 Nf6 6. Nc3 Qc7 7. Be2 a6 8. O-O d6 9. Be3 Be7 10. Rc1 O-O 11. a3 b5 12. b4 Qd8 13. Bd3 Bb7 14. Qc2 e5 15. d5 Ng4 16. dxc6 Nxe3 17. fxe3 Bxc6 18. Qf2 Qd7 19. Nd5 Bxd5 20. exd5 Qb7 21. e4 a5 22. Rc6 Ra6 23. Rfc1 Rb8 24. Rxa6 Qxa6 25. Rc6 Qa8 26. g3 Rc8 1-0

[Event "74. C.to Provinciale PD-ROV"]
[Site "Monselice ITA"]
[Date "2014.01.26"]
[Round "5.11"]
[White "De Marchi, Alessandro"]
[Black "Minei, Giovanni"]
[Result "1-0"]
[WhiteElo "1716"]
[BlackElo "1530"]
[Annotator "Gabriele Ballarin"]
[PlyCount "85"]
[EventDate "2014.01.24"]
[EventType "swiss"]
[EventRounds "5"]
[EventCountry "ITA"]

1. Nf3 d5 2. g3 Nf6 3. Bg2 c6 4. O-O Bf5 5. Nh4 Qd7 6. Nxf5 Qxf5 7. d3 e5 8. c4 Bc5 9. Be3 d4 10. Bd2 Nbd7 11. b4 Be7 12. b5 cxb5 13. cxb5 Rb8 14. f4 e4 15. dxe4 Nxe4 16. Qb3 Ndc5 17. Qf3 O-O 18. g4 Nxd2 19. Nxd2 Qd7 20. a4 d3 21. e4 Qd4+ 22. Kh1 Qb4 23. Rfd1 Rfd8 24. Nf1 Rd4 25. Ne3 Nxa4 26. Nf5 Nc3 27. Nxe7+ Qxe7 28. Rxd3 Nxb5 29. Rxd4 Nxd4 30. Qd1 Nc6 31. e5 Rd8 32. Qa4 Rd4 33. Qb5 a6 34. Qf1 g5 35. Bxc6 Rxf4 36. Bf3 Qxe5 37. Rd1 b5 38. Qd3 Rb4 39. h3 Rb2 40. Bg2 h6 41. Rf1 Kg7 42. Qf3 Qe6 43. Qc3+ 1-0

[Event "74. C.to Provinciale PD-ROV"]
[Site "Monselice ITA"]
[Date "2014.01.26"]
[Round "5.12"]
[White "Bighin, Marco"]
[Black "Chianale, Angelo"]
[Result "1-0"]
[WhiteElo "1518"]
[BlackElo "1702"]
[Annotator "Gabriele Ballarin"]
[PlyCount "39"]
[EventDate "2014.01.24"]
[EventType "swiss"]
[EventRounds "5"]
[EventCountry "ITA"]

1. e4 d5 2. exd5 Qxd5 3. Nc3 Qd6 4. Nf3 Nf6 5. d4 a6 6. h3 Bf5 7. Bc4 e6 8. Bg5 Be7 9. O-O O-O 10. Ne5 h6 11. Bf4 Qd8 12. Qd2 Kh7 13. g4 Be4 14. f3 Bd5 15. Bd3+ Kh8 16. Bxh6 Qe8 17. Bxg7+ Kxg7 18. Qg5+ Kh8 19. Qh6+ Kg8 20. g5 1-0